000 00704nam a2200217 4500
003 OSt
005 20221117161954.0
008 221117b |||||||| |||| 00| 0 eng d
020 _a90 6832 514 0
040 _cBiblioteca Lado V
082 _a708
_bR888a
110 _9465
_aRoyal Tropical Institute
_eautor
245 _aArte/
_bDutch Caribbean Art/
260 _bKIT Publishers
_c2002
_aAmsterdam
300 _a142p.
_c25x29cm
650 _2Tesauro de Arte & Arquitectura
_aARTE CARIBEÑO
650 _2Tesauro de Arte & Arquitectura
_aARTE VISUAL
650 _2Tesauro de Arte & Arquitectura
_aARTE
700 _aFrerot, Christine
_eautor
_9454
942 _2ddc
_c1
_h708
_iR888a
999 _c2687
_d2687